| Поле | Инд. | ПП | Название | Значение |
|---|---|---|---|---|
| Тип записи | a | |||
| Библиографический уровень | b | |||
| 001 | Контрольный номер | RU/IS/BASE/372441920 | ||
| 005 | Дата корректировки | 20200630193148.6 | ||
| 008 | Кодируемые данные | 20111020 | ||
| 084 | a | Индекс другой классификации/Индекс ББК | 75.7; 60.8 | |
| 100 | 1_ | a | Автор | Карякин В. В. |
| 245 | a | Заглавие | Регулирование вопросов спортивной подготовки в Российской Федерации и за рубежом: правоприменительные аспекты | |
| 504 | a | Библиография | Лит. | |
| 520 | a | Аннотация | Статья посвящена вопросу реформирования организационной основы спортивной подготовки в России. Комплексно (в сравнении с зарубежными странами) рассмотрены административные и правовые решения, которые позволят не только сохранить достигнутый положительный опыт, но и поднять спортивную подготовку на навый качественный уровень. | |
| 650 | a | Основная рубрика | социальное управление | |
| a | Основная рубрика | спорт | ||
| a | Основная рубрика | физическая культура | ||
| 653 | a | Ключевые слова | государственное регулирование спорта | |
| a | Ключевые слова | государственный контроль | ||
| a | Ключевые слова | законодательство | ||
| a | Ключевые слова | организация спортивной подготовки | ||
| a | Ключевые слова | правовое регулирование | ||
| a | Ключевые слова | принятие управленческих решений | ||
| a | Ключевые слова | Россия | ||
| a | Ключевые слова | спортивная подготовка | ||
| a | Ключевые слова | спортивные школы | ||
| a | Ключевые слова | спортивно-оздоровительные учреждения | ||
| a | Ключевые слова | спортивные некоммерческие организации | ||
| a | Ключевые слова | управление спортом | ||
| a | Ключевые слова | финансирование спорта | ||
| 773 | t | Заглавие источника | Вопросы государственного и муниципального управления | |
| d | Дата издания источника | 2010 | ||
| g | Прочая информация | № 2. - С. 161 - 168 | ||
| w | Контрольный № источника | RU/IS/BASE/334673072 | ||
| 901 | t | Тип документа | b |